| 000 | 00905nas a2200289 4500 | ||
|---|---|---|---|
| 001 | BR8903123 | ||
| 003 | BR-BrBNA | ||
| 005 | 20231205091619.0 | ||
| 007 | ta | ||
| 008 | 230509b bl.|||p| |||| 00| 00por d | ||
| 040 |
_aBR-BrBNA _bpor _cBiblioteca Nacional de Agricultura |
||
| 041 | _a(Pt) | ||
| 072 | _aF60 | ||
| 100 | 1 | _aKanesiro, M.A.B. | |
| 100 | 1 | _aFaleiros, R.R.S. | |
| 100 | 1 | _aPitelli, R.A. | |
| 100 | 1 | _aDurigan, J.F. | |
| 100 | 1 | _aBellingieri, P.A. | |
| 245 | 1 | _aEfeitos do espacamento e de tratos culturais sobre a cultura do amendoim (Arachis hypogaea, L)cv. Tatu-53. 2. Analise da fracao lipidica das sementes | |
| 650 | _aAMENDOIM | ||
| 650 | _aESPACAMENTO | ||
| 650 | _aBIOQUIMICA VEGETAL | ||
| 650 | _aLIPIDIO | ||
| 773 | 0 |
_tCientifica (Brazil) _xISSN 0100-0039 _g(1988), v. 16(1) p. 61-69 _wBR8903123 |
|
| 909 |
_a202311 _bLúcia _c55 _dLúcia Elande |
||
| 942 |
_2AGRIS _n0 _cANA |
||
| 999 |
_c126180 _d126180 |
||